Divorcio o hipocresía legal?
Guardat en:
| Autor principal: | |
|---|---|
| Format: | Llibre |
| Idioma: | espanyol |
| Publicat: |
s.l
Alborada
1991
|
| Matèries: | |
| Etiquetes: |
Afegir etiqueta
Sense etiquetes, Sigues el primer a etiquetar aquest registre!
|
MARC
| LEADER | 00000nam a2200000 a 4500 | ||
|---|---|---|---|
| 001 | UCM9287 | ||
| 003 | CL-VaPUC | ||
| 008 | 030417e19910000cl |||||||||||||||||spa|d | ||
| 082 | 0 | 4 | |a 346.0166 |b WAT |2 21 |
| 100 | 0 | |a Watkins Sepúlveda, Ana María |e author |9 475725 | |
| 245 | 1 | 0 | |a Divorcio o hipocresía legal? |
| 300 | |a 350 p | ||
| 942 | |c BK | ||
| 945 | |d 20030417 00:00:00 |a cmena | ||
| 260 | |a s.l |b Alborada |c 1991 | ||
| 650 | 0 | |a Divorcio |9 256204 | |
| 650 | 0 | |a Derecho civil |9 255013 | |
| 650 | 7 | |a DERECHO CANONICO |2 CL-VaPUC |9 475726 | |
| 650 | 7 | |a MATRIMONIO |2 CL-VaPUC |9 475727 | |
| 650 | 0 | |a Derecho de familia |9 255603 | |
| 583 | |a last modification |c 20171004 03:20:42 |k Rodrigo Vera | ||
| 999 | |c 303609 |d 303607 | ||
| 952 | |0 0 |1 0 |4 0 |6 346_016600000000000_WAT_1991 |7 0 |8 A |9 365070 |a BIBDER |b BIBDER |d 2019-11-21 |i 3897613 |o 346.0166 WAT 1991 |p 3897613 |r 2023-01-25 |w 2019-11-21 |y BK |k DER | ||